000 00296nam a2200133Ia 4500
005 20251222155113.0
008 251222s9999||||xx |||||||||||||| ||spa||
082 _aEDUM.89
100 _aISABEL SOLÉ
245 0 _aestrategias de lectura
250 _a10ma. ed.
264 _bGrao
942 _cLIB
999 _c38127
_d38127